Library of the University of Algiers 3
Ibrahim Sultan Cheibout
شعار جامعة الجزائر 3
مكتبة جامعة الجزائر 3
إبراهيم سلطان شيبوط

المحاسبة الوطنية / (رقم التسجيلة. 41444)

تفاصيل مارك
000 -LEADER
fixed length control field 03252nam a2200205Ia 4500
003 - CONTROL NUMBER IDENTIFIER
control field Ost
005 - DATE AND TIME OF LATEST TRANSACTION
control field 20260416102401.0
008 - FIXED-LENGTH DATA ELEMENTS--GENERAL INFORMATION
fixed length control field 260416s9999||||xx |||||||||||||| ||und||
040 ## - CATALOGING SOURCE
Transcribing agency fsecg
041 ## - LANGUAGE CODE
Language code of text/sound track or separate title ara
082 ## - DEWEY DECIMAL CLASSIFICATION NUMBER
Classification number 339.3
100 ## - MAIN ENTRY--PERSONAL NAME
Personal name لجدل، خالد
Relator term مؤلف
245 #0 - TITLE STATEMENT
Title المحاسبة الوطنية /
Statement of responsibility, etc. خالد لجدل
260 ## - PUBLICATION, DISTRIBUTION, ETC.
Place of publication, distribution, etc. الجزائر
Name of publisher, distributor, etc. جامعة الجزائر3: كلية العلوم الإقتصادية، العلوم التجارية وعلوم التسيير
Date of publication, distribution, etc. 2023
300 ## - PHYSICAL DESCRIPTION
Extent 134 ورقة
Other physical details ايضاحات
Dimensions 12 سم
504 ## - BIBLIOGRAPHY, ETC. NOTE
Bibliography, etc. note المراجع ص.129 الملاحق ص.134
520 ## - SUMMARY, ETC.
Summary, etc. المطبوعة تتناول بشكل شامل موضوع المحاسبة الوطنية. وتغطي جوانب نظرية وتطبيقية لهذا المجال الحيوي. تبدأ المطبوعة بتقديم مقدمة عامة لمفهوم المحاسبة الوطنية، ثم تستعرض الأنظمة الدولية المتبعة في هذا المجال، لتنتهي بتطبيق هذه المفاهيم على الواقع الاقتصادي الجزائري. المحاور الرئيسية التي تناولتها المطبوعة هي:مدخل عام للمحاسبة الوطنية: يقدم هذا المحور الأسس النظرية للمحاسبة الوطنية، ويشمل التعريفات والمفاهيم الأساسية، بالإضافة إلى استعراض الإطار العام لنظام الحسابات الاقتصادية الجزائري.عمليات الإنتاج ومجمعاتها الأساسية: يتعمق هذا المحور في تحليل عمليات الإنتاج المختلفة، وكيفية حسابها وتصنيفها.عمليات توزيع المداخيل وحسابات القطاعات: يشرح هذا المحور كيفية توزيع الدخل القومي بين مختلف القطاعات الاقتصادية، وكيفية حساب أرصدة هذه القطاعات. مجمعات المداخيل: يركز هذا المحور على حساب مختلف أنواع الدخل، مثل الدخل الداخلي والدخل الوطني والدخل المتاح، بالإضافة إلى حساب التراكم الخام للوطن.الجدول الاقتصادي الكلي: يقدم هذا المحور شرحًا وافيًا للجدول الاقتصادي الكلي، وكيفية استخدامه في تحليل الاقتصاد الكلي.جدول المدخلات والمخرجات: يشرح هذا المحور جدول المدخلات والمخرجات، وهو أداة تحليلية مهمة في الاقتصاد القومي.بشكل عام، يمكن القول أن هذه المطبوعة تعد مرجعًا قيمًا لطلبة الاقتصاد والباحثين المهتمين بالمحاسبة الوطنية. فهي تغطي جوانب نظرية وتطبيقية واسعة، وتقدم تحليلاً عميقًا للمفاهيم والأساليب المستخدمة في هذا المجال.
710 ## - ADDED ENTRY--CORPORATE NAME
Corporate name or jurisdiction name as entry element جامعة الجزائر3: كلية العلوم الإقتصادية، العلوم التجارية وعلوم التسيير
Relator term ناشر علمي
942 ## - ADDED ENTRY ELEMENTS (KOHA)
Koha item type مطبوعات
المقتنيات
Withdrawn status Lost status Source of classification or shelving scheme Damaged status Not for loan Home library Current library Date acquired Serial enumeration / chronology Inventory number Total checkouts Full call number Barcode Date last seen Price effective from Koha item type
    Dewey Decimal Classification   NOT LOAN / إعارة داخلية مكتبة كلية العلوم الإقتصادية والعلوم التجارية وعلوم التسيير مكتبة كلية العلوم الإقتصادية والعلوم التجارية وعلوم التسيير 16/04/2026 الطابق الثاني مط.883-1   مط.883 ن1 مط.883-1 16/04/2026 16/04/2026 مطبوعات

موارد الويب المفتوحة


© University of Algiers 3 All Rights Reserved
|
Implemented by LECHELAH Riad